00907nam a2200265 a 450000100060000000300080000600500170001400800410003102000150007203500190008703500210010604000360012704100080016308200240017110000240019524500770021925000120029626000460030830000400035450400510039465000160044570000220046185600850048385600730056836972BD-RjUL20211209052549.0140924s1998 mauab b 001 0 eng d a0697228487 a(BD-RjUL)37074 a(OCoLC)37359617  aPGraMcPGraMdDLCdBD-RjULbeng aeng00a595.7221bROS 19981 aRomoser, William S.14aThe science of entomology /cWilliam S. Romoser, John G. Stoffolano, Jr. a4th ed. aBoston, Mass. :bWCB McGraw-Hill,cc1998. axiv, 605 p. :bill., maps ;c29 cm. aIncludes bibliographical references and index. 0aEntomology.1 aStoffolano, J. G.423Publisher descriptionuhttp://www.loc.gov/catdir/description/mh022/96086438.html413Table of contentsuhttp://www.loc.gov/catdir/toc/mh023/96086438.html